Genetic witness (Record no. 129540)
[ view plain ]
| 000 -LEADER | |
|---|---|
| fixed length control field | 01822nam a22004094a 4500 |
| 082 04 - DEWEY DECIMAL CLASSIFICATION NUMBER | |
| Classification number | 614/.10941 |
| 100 1# - MAIN ENTRY--AUTHOR NAME | |
| Personal name | Aronson, Jay D., |
| 245 10 - TITLE STATEMENT | |
| Title | Genetic witness |
| 260 ## - PUBLICATION, DISTRIBUTION, ETC. (IMPRINT) | |
| Place of publication | New Brunswick : |
| Name of publisher | Rutgers University Press, |
| Year of publication | c2007. |
| 300 ## - PHYSICAL DESCRIPTION | |
| Number of Pages | xii, 270 p. : |
| Other physical details | ill. |
| 505 0# - FORMATTED CONTENTS NOTE | |
| Formatted contents note | Science for hire -- DNA on trial -- Challenging DNA -- Public science -- The DNA wars -- The debate in Washington -- The DNA wars are over -- The legacy of history. |
| 650 #0 - SUBJECT ADDED ENTRY--TOPICAL TERM | |
| Topical Term | DNA fingerprinting |
| Topical Term | DNA fingerprinting |
| Topical Term | Forensic genetics |
| Topical Term | Forensic genetics |
| 856 40 - ELECTRONIC LOCATION AND ACCESS | |
| Uniform Resource Identifier | http://site.ebrary.com/lib/rucke/Doc?id=10217873 |
No items available.
